State of the World 2000: a worldwatch institute report on progress toward a sustainable society. (Record no. 58225)

MARC details
000 -LEADER
fixed length control field 00911nam a2200217 a 4500
008 - FIXED-LENGTH DATA ELEMENTS--GENERAL INFORMATION
fixed length control field 100614s2000 ||||||||||||||||| || u
020 ## - INTERNATIONAL STANDARD BOOK NUMBER
International Standard Book Number 0393319989
050 ## - LIBRARY OF CONGRESS CALL NUMBER
Classification number QH 541.15.M64 Sta
100 ## - MAIN ENTRY--PERSONAL NAME
Personal name Starke, Linda
245 10 - TITLE STATEMENT
Title State of the World 2000: a worldwatch institute report on progress toward a sustainable society.
Statement of responsibility, etc. edited by Linda Starke
260 ## - PUBLICATION, DISTRIBUTION, ETC.
Place of publication, distribution, etc. New York:
Name of publisher, distributor, etc. W.W. Norton & Company, Inc
Date of publication, distribution, etc. 2000
300 ## - PHYSICAL DESCRIPTION
Extent xix, 276p: ill.
350 ## - PRICE (NR) (BK AM CF MU VM SE) [OBSOLETE]
Price 0.00
490 ## - SERIES STATEMENT
Series statement state of the World
650 #0 - SUBJECT ADDED ENTRY--TOPICAL TERM
Topical term or geographic name entry element ECONOMIC DEVELOPMENT--ENVIRONMENTAL ASPECTS
650 ## - SUBJECT ADDED ENTRY--TOPICAL TERM
Topical term or geographic name entry element CONSERVATION OF NATURAL RESOURCES
650 #0 - SUBJECT ADDED ENTRY--TOPICAL TERM
Topical term or geographic name entry element ENVIRONMENTAL PROTECTION--ZAMBIA
650 #0 - SUBJECT ADDED ENTRY--TOPICAL TERM
Topical term or geographic name entry element ECONOMIC DEVELOPMENT--AFRICA, SUB-SAHARAN
650 ## - SUBJECT ADDED ENTRY--TOPICAL TERM
Topical term or geographic name entry element ENVIRONMENT
995 ## - RECOMMENDATION 995 [LOCAL, UNIMARC FRANCE]
-- 0.00
-- CBU-MAIN LIBRARY (Kitwe)
-- 1
-- 0.00
-- 1
-- AVAILABLE
-- Jun 14, 2010
-- Main Library Open Access Collection
Holdings
Withdrawn status Lost status Source of classification or shelving scheme Damaged status Not for loan Home library Current library Shelving location Date acquired Total Checkouts Full call number Barcode Date last seen Price effective from Koha item type
          CBU-MAIN LIBRARY, KITWE. CBU-MAIN LIBRARY, KITWE.   11/30/2022   QH 541.15.M64 Sta 028426 11/30/2022 11/30/2022 MONOGRAPH